书目信息 |
| 题名: |
无处不在
|
|
| 作者: | 邹达 , 邹雷 著 | |
| 分册: | 公共艺术 海外拾趣 | |
| 出版信息: | 大连 大连理工大学出版社 2015 |
|
| 页数: | 355页 | |
| 开本: | 21cm | |
| 丛书名: | ||
| 单 册: | ||
| 中图分类: | J331 | |
| 科图分类: | ||
| 主题词: | 城市--雕塑--世界--摄影集 | |
| 电子资源: | ||
| ISBN: | 978-7-5611-9404-1 | |
| 000 | 00759nam0 2200241 450 | |
| 001 | 0103433391 | |
| 005 | 20150610151812.0 | |
| 010 | @a978-7-5611-9404-1@b精装@dCNY49.50 | |
| 100 | @a20150310d2015 em y0chiy0120 ea | |
| 101 | 0 | @achi@deng |
| 102 | @aCN@b210000 | |
| 105 | @aa z 000yy | |
| 106 | @ar | |
| 200 | 1 | @a无处不在@9Wu;Mo Chu Bu Zai @i公共艺术 海外拾趣@iPublic art around the world@f邹达,邹雷著@b专著@dEverywhere@zeng |
| 210 | @a大连@c大连理工大学出版社@d2015 | |
| 215 | @a355页@c图@d21cm | |
| 510 | 1 | @aEverywhere@iPublic art around the world@zeng |
| 606 | 0 | @a城市@x雕塑@y世界@j摄影集 |
| 690 | @aJ331@v5 | |
| 701 | 0 | @a邹达@4著@9zou da |
| 701 | 0 | @a邹雷@4著@9zou lei |
| 801 | 0 | @aCN@bAZmarc@c20230907 |
| 905 | @aBZT@dJ331@e4@f5@sJ331/4 | |
| 无处不在.公共艺术 海外拾趣.Public art around the world/邹达,邹雷著=Everywhere.-大连:大连理工大学出版社,2015 |
| 355页:图;21cm |
| ISBN 978-7-5611-9404-1(精装):CNY49.50 |
| ● |
| 相关链接 |
|
|
|
正题名:无处不在
索取号:J331/4
 
预约/预借
| 序号 | 登录号 | 条形码 | 馆藏地/架位号 | 状态 | 备注 |
| 1 | 2000011256 | 2000011256 | 旧书回溯/ [索取号:J331/4] | 在馆 | |
| 2 | 2000011257 | 2000011257 | 旧书回溯/ [索取号:J331/4] | 在馆 | |
| 3 | 2000011258 | 2000011258 | 旧书回溯/ [索取号:J331/4] | 在馆 | |
| 4 | 2000011259 | 2000011259 | 旧书回溯/ [索取号:J331/4] | 在馆 | |
| 5 | 2000011260 | 2000011260 | 旧书回溯/ [索取号:J331/4] | 在馆 |